Statistics for TV Show by Title Sequence

Click here to take the quiz!

General Stats

  • This quiz has been taken 630 times
    (274 since last reset)
  • The average score is 8 of 16

Answer Stats

Title SequenceTV Show% Correct
Six people dance around and (eventually) inside of a fountainFriends
86%
A police box spins through a time vortexDoctor Who
83%
A family arrives home to sit on their couch, with some variationsThe Simpsons
79%
Man in a spinning throne raps about moving in with his aunt and uncleThe Fresh Prince of Bel Air
77%
Old-timey pictures of a bar and its patronsCheers
72%
A helicopter carrying injured soldiers lands, and medics take the wounded away on stretchersM*A*S*H
63%
Seven boat passengers are stranded on an island after a storm ruins their three-hour tourGilligan's Island
52%
Medical interns hang up an x-ray backwards, but everyone continually switches bodiesScrubs
52%
Cities rise from the map of a fantasy realm underneath a sun within an astrolabeGame of Thrones
44%
The silhouette of a man falls from a building past billboards and advertisementsMad Men
41%
A man and a boy have fishing poles and walk down a forest path towards a lakeThe Andy Griffith Show
41%
You're traveling through another dimension - there's a sign post up aheadThe Twilight Zone
41%
A man looks out of the window as the car he is in travels through New JerseyThe Sopranos
33%
A prison train crashes, and an innocent doctor escapes from the wreckageThe Fugitive
32%
A waking man swats a mosquito on his arm before getting ready for the dayDexter
30%
Picturesque shots of a small town's scenery and local sawmillTwin Peaks
14%

Score Distribution

Percentile by Number Answered

Percent of People with Each Score

Your Score History

You have not taken this quiz since the last reset